Agrotika : meletē synkritikē /

Saved in:
Bibliographic Details
Main Author: Karavidas, K. D., 1890-1973
Format: Book
Language:Greek
Published: [Athēna] : Ekdoseis Papazēsē, [1978]
Subjects:
LEADER 01088nam a2200277 a 4500
001 c000186982
003 CARM
005 19920825000000.0
008 791212r19781931gr 000 0 greo
010 |a 79119292 //r92 
019 1 |a 1667632  |5 LACONCORD2021 
035 |a (OCoLC)6014757  |5 LACONCORD2021 
040 |a LC  |b eng  |c LC  |d LC 
043 |a ed----- 
050 0 0 |a HD803  |b .K37 1978 
100 1 |a Karavidas, K. D.,  |d 1890-1973. 
245 1 0 |a Agrotika :  |b meletē synkritikē /  |c K. D. Karavida ; prologos Iōannē Pesmazoglou ; eisagōgē Nikou Mouzelē. 
260 |a [Athēna] :  |b Ekdoseis Papazēsē,  |c [1978] 
300 |a xxii, 32, 698 p. ;  |c 21 cm. 
500 |a Reprint of the 1931 ed. 
650 0 |a Land tenure  |z Balkan Peninsula. 
650 0 |a Agriculture  |x Economic aspects  |z Balkan Peninsula. 
651 0 |a Balkan Peninsula  |x Rural conditions. 
852 8 |b CARM  |h A2:AK32B0  |i B05528  |p 0251233  |f BK 
999 f f |i c13af08e-c8a9-5e0a-8e28-52ff5273ee98  |s f0cc263f-8369-51e2-b52d-29bce29f5312 
952 f f |p Can circulate  |a CAVAL  |b CAVAL  |c CAVAL  |d CARM 1 Store  |e B05528  |f A2:AK32B0  |h Other scheme  |i book  |m 0251233